[Event "SVK-ch U10"]
[Site "Liptovsky Mikulas"]
[Date "2018.04.24"]
[Round "5"]
[White "Mauks, Oleg"]
[Black "Oravec, Dominik"]
[Result "0-1"]
[WhiteElo "1000"]
[BlackElo "1000"]
[PlyCount "44"]
[EventDate "2018.04.21"]
[EventType "swiss"]
[EventRounds "9"]
[EventCountry "SVK"]
[SourceTitle "CBM 184 Extra"]
[Source "ChessBase"]
[SourceDate "2018.06.28"]
[SourceVersion "1"]
[SourceVersionDate "2018.06.28"]
[SourceQuality "1"]

1. f4 d5 2. Nf3 Bg4 3. b3 e6 4. Ne5 Bf5 5. Bb2 Nf6 6. e3 Be7 7. Bd3 g6 8. e4 Bxe4 9. 0-0 Bxd3 10. Nxd3 0-0 11. Bxf6 Bxf6 12. Nc3 Bd4+ 13. Nf2 Bxc3 14. dxc3 Qd6 15. Nh3 Qb6+ 16. Rf2 Nc6 17. Qf3 Rad8 18. Ng5 h6 19. Qh3 hxg5 20. fxg5 f6 21. gxf6 Rxf6 22. Kf1 Qxf2# 0-1